Metódy odhadu parametrov lineárneho regresného modelu s významnou multikolinearitou kandidátska dizertačná práca

Guardado en:
Detalles Bibliográficos
Autor principal: Condík, Štefan
Autor Corporativo: Vysoká škola ekonomická v Bratislave. Fakulta riadenia
Otros Autores: Šujan, Ivan
Formato: Libro
Lenguaje:eslovaco
Publicado: Bratislava 1982
Etiquetas: Agregar Etiqueta
Sin Etiquetas, Sea el primero en etiquetar este registro!

MARC

LEADER 00000nam a2200000 4500
001 c135035
005 20230116081852.3
041 0 |a slo 
044 |a SK 
245 1 0 |a Metódy odhadu parametrov lineárneho regresného modelu s významnou multikolinearitou  |b kandidátska dizertačná práca  |c Štefan Condík ; ved. Ivan Šujan 
264 1 |a Bratislava  |c 1982 
300 |a 144 s. 
100 1 |a Condík, Štefan 
700 1 |a Šujan, Ivan 
710 2 |a Vysoká škola ekonomická v Bratislave. Fakulta riadenia